Normal view
MARC view
- BEE-/ TC-33
Entry Geographic Name
001 - CONTROL NUMBER
- control field: 131738
003 - CONTROL NUMBER IDENTIFIER
- control field: NUST
005 - DATE AND TIME OF LATEST TRANSACTION
- control field: 20251107171616.0
008 - FIXED-LENGTH DATA ELEMENTS
- fixed length control field: 251107|| aca||aabn | a|a d
040 ## - CATALOGING SOURCE
- Original cataloging agency: NUST
- Transcribing agency: NUST
151 ## - HEADING--GEOGRAPHIC NAME
- Geographic name: BEE-/ TC-33
670 ## - SOURCE DATA FOUND
- Source citation: Work cat.: (NUST): Nawaz, Muhammad Daial (BEE-58/ TCC-33) 131737, Advanced Network Monitoring and Intrusion Detection System (IDS) /, 2025
